MARC details
| 000 -LEADER |
| fixed length control field |
03742cam a22004455i 4500 |
| 001 - CONTROL NUMBER |
| control field |
14939286 |
| 003 - CONTROL NUMBER IDENTIFIER |
| control field |
EG-ScBUE |
| 005 - DATE AND TIME OF LATEST TRANSACTION |
| control field |
20191027110807.0 |
| 008 - FIXED-LENGTH DATA ELEMENTS--GENERAL INFORMATION |
| fixed length control field |
070724t2007 cau f b 001 0 eng d |
| 020 ## - INTERNATIONAL STANDARD BOOK NUMBER |
| International Standard Book Number |
9780804757768 (cloth : alk. paper) |
| 020 ## - INTERNATIONAL STANDARD BOOK NUMBER |
| International Standard Book Number |
0804757763 (cloth : alk. paper) |
| 035 ## - SYSTEM CONTROL NUMBER |
| System control number |
(OCoLC)ocn154698083 |
| 035 ## - SYSTEM CONTROL NUMBER |
| System control number |
(OCoLC)154698083 |
| 040 ## - CATALOGING SOURCE |
| Original cataloging agency |
DLC |
| Language of cataloging |
eng |
| Description conventions |
rda |
| Transcribing agency |
DLC |
| Modifying agency |
BTCTA |
| -- |
BAKER |
| -- |
YDXCP |
| -- |
C#P |
| -- |
DLC |
| -- |
EG-ScBUE |
| 043 ## - GEOGRAPHIC AREA CODE |
| Geographic area code |
aw----- |
| -- |
ma----- |
| 082 04 - DEWEY DECIMAL CLASSIFICATION NUMBER |
| Classification number |
321.909174927 |
| Item number |
DEB |
| Edition number |
22 |
| 245 00 - TITLE STATEMENT |
| Title |
Debating Arab authoritarianism : |
| Remainder of title |
dynamics and durability in nondemocratic regimes / |
| Statement of responsibility, etc |
edited by Oliver Schlumberger. |
| 264 #1 - PUBLICATION, DISTRIBUTION, ETC. (IMPRINT) |
| Place of publication, distribution, etc |
Stanford, Calif. : |
| Name of publisher, distributor, etc |
Stanford University Press, |
| Date of publication, distribution, etc |
[2007] |
| 264 #4 - PUBLICATION, DISTRIBUTION, ETC. (IMPRINT) |
| Date of publication, distribution, etc |
c2007 |
| 300 ## - PHYSICAL DESCRIPTION |
| Extent |
xiii, 345 pages ; |
| Dimensions |
24 cm |
| 336 ## - CONTENT TYPE |
| Source |
rdacontent |
| Content type term |
text |
| Content type code |
txt |
| 337 ## - MEDIA TYPE |
| Source |
rdamedia |
| Media type term |
unmediated |
| Media type code |
n |
| 338 ## - CARRIER TYPE |
| Source |
rdacarrier |
| Carrier type term |
volume |
| Carrier type code |
nc |
| 504 ## - BIBLIOGRAPHY, ETC. NOTE |
| Bibliography, etc |
Includes bibliographical references (p. 297-335) and index. |
| 505 0# - FORMATTED CONTENTS NOTE |
| Formatted contents note |
Arab authoritarianism : debating the dynamics and durability of nondemocratic regimes / Oliver Schlumberger -- State-society relations and opposition -- Social pacts and the persistence of authoritarianism in the Middle East / Steven Heydemann -- The management of opposition: formal structures of contestation and informal manipulation in Egypt, Jordan, and Morocco / Ellen Lust-Okar -- Authoritarian opposition and the politics of challenge in Egypt / Holger Albrecht -- Islamist inclusion and regime persistence : the Moroccan win-win situation / Eva Wegner -- The regimes -- The ozymandias syndrome : questioning the stability of Middle Eastern regimes / Peter Sluglett -- Intraregime dynamics, uncertainty, and the persistence of authoritarianism in the contemporary Arab world / Fred H. Lawson -- The privatization of social services as a regime strategy : the revival of Islamic endowments (Awqaf) in Egypt / Daniela Pioppi -- State-building, liberalization from above, and political legitimacy in the Sultanate of Oman / Marc Valeri -- The economy and the polity -- Linking economic and political reform in the Middle East: the role of the bourgeoisie / Giacomo Luciani -- The political economy of regime maintenance in Egypt : linking external resources and domestic legitimation / Thomas Richter -- From political to economic actors : the changing role of Middle Eastern armies / Philippe Droz-Vincent -- The international arena -- International dimensions of Middle Eastern authoritarianism : the G8 and external efforts at political reform / Mustapha K. Sayyid -- Democracy promotion and the renewal of authoritarian rule / Eberhard Kienle -- The longevity of the House of Saud : looking outside the box / Paul Aarts. |
| 520 ## - SUMMARY, ETC. |
| Summary, etc |
Examines how political rule in Arab countries is effectuated, organized, and executed, and how authoritarianism works in practice and how it can be grasped conceptually. |
| 650 #7 - SUBJECT ADDED ENTRY--TOPICAL TERM |
| Topical term or geographic name as entry element |
Authoritarianism |
| Geographic subdivision |
Arab countries. |
| Source of heading or term |
BUEsh |
| 9 (RLIN) |
32304 |
| 650 #7 - SUBJECT ADDED ENTRY--TOPICAL TERM |
| Topical term or geographic name as entry element |
Authoritarianism |
| Geographic subdivision |
Middle East. |
| Source of heading or term |
BUEsh |
| 9 (RLIN) |
32305 |
| 650 #7 - SUBJECT ADDED ENTRY--TOPICAL TERM |
| Topical term or geographic name as entry element |
Democratization |
| Geographic subdivision |
Arab countries. |
| Source of heading or term |
BUEsh |
| 9 (RLIN) |
11822 |
| 650 #7 - SUBJECT ADDED ENTRY--TOPICAL TERM |
| Topical term or geographic name as entry element |
Democratization |
| Geographic subdivision |
Middle East. |
| Source of heading or term |
BUEsh |
| 651 #7 - SUBJECT ADDED ENTRY--GEOGRAPHIC NAME |
| Geographic name |
Arab countries |
| General subdivision |
Politics and government |
| Chronological subdivision |
21st century. |
| Source of heading or term |
BUEsh |
| 651 #7 - SUBJECT ADDED ENTRY--GEOGRAPHIC NAME |
| Geographic name |
Middle East |
| General subdivision |
Politics and government |
| Chronological subdivision |
21st century. |
| Source of heading or term |
BUEsh |
| 653 ## - INDEX TERM--UNCONTROLLED |
| Resource For college |
MASTER - Political Science |
| -- |
BAEPS, Political Science |
| Arrived date list |
October2019 |
| 655 ## - INDEX TERM--GENRE/FORM |
| Form subdivision |
Reading book |
| 700 1# - ADDED ENTRY--PERSONAL NAME |
| Personal name |
Schlumberger, Oliver, |
| Relator term |
editor. |
| 856 41 - ELECTRONIC LOCATION AND ACCESS |
| Materials specified |
Table of contents only |
| Uniform Resource Identifier |
<a href="http://www.loc.gov/catdir/toc/ecip0723/2007029731.html">http://www.loc.gov/catdir/toc/ecip0723/2007029731.html</a> |
| 856 42 - ELECTRONIC LOCATION AND ACCESS |
| Materials specified |
Contributor biographical information |
| Uniform Resource Identifier |
<a href="http://www.loc.gov/catdir/enhancements/fy0829/2007029731-b.html">http://www.loc.gov/catdir/enhancements/fy0829/2007029731-b.html</a> |
| 856 42 - ELECTRONIC LOCATION AND ACCESS |
| Materials specified |
Publisher description |
| Uniform Resource Identifier |
<a href="http://www.loc.gov/catdir/enhancements/fy0829/2007029731-d.html">http://www.loc.gov/catdir/enhancements/fy0829/2007029731-d.html</a> |
| 942 ## - ADDED ENTRY ELEMENTS (KOHA) |
| Source of classification or shelving scheme |
Dewey Decimal Classification |
| Koha item type |
Book - Borrowing |